Normal view
MARC view
Entry Personal Name
001 - CONTROL NUMBER
- control field: 1831
003 - CONTROL NUMBER IDENTIFIER
- control field: BD-RjUL
005 - DATE AND TIME OF LATEST TRANSACTION
- control field: 20220310162735.0
008 - FIXED-LENGTH DATA ELEMENTS
- fixed length control field: 220310|| aca||aabn | a|a d
040 ## - CATALOGING SOURCE
- Original cataloging agency: BD-RjUL
- Transcribing agency: BD-RjUL
100 ## - HEADING--PERSONAL NAME
- Personal name: Paul, Priya Brata, Supervisor
670 ## - SOURCE DATA FOUND
- Source citation: Work cat.: (BD-RjUL)79545: Karim, Md. Shaik Romijul 1829, Rural Financing in Bangladesh with Special Reference to Natore District-A Comparative Study of Grameen Bank (GB) and the Bangdesh Rural Advancement Committee (BRAC) /, 2006